| 000 | 00818cpcaa2200229 4500 | ||
|---|---|---|---|
| 001 | mm 83098400 | ||
| 003 | DLC | ||
| 005 | 20260227111721.0 | ||
| 008 | 830304|||||||||||| fre | ||
| 010 | _amm 83098400 | ||
| 040 |
_aDLC _cDLC _edacs _dDLC |
||
| 072 | 7 |
_aS _2lcmd |
|
| 100 | 1 |
_aBoulainvilliers, Henri, _ccomte de, _d1658-1722. |
|
| 245 | 0 | 0 |
_aEsprit de Spinosa : _kholograph manuscript, _fundated. |
| 300 |
_a1 _fitem. |
||
| 506 | 0 | _aOpen to research. | |
| 520 | 8 | _aVolume (260 pages). Also includes "Exposition de Sentiments de Spinosa." | |
| 546 | _aCollection material in French. | ||
| 600 | 1 | 0 |
_aSpinoza, Benedictus de, _d1632-1677. |
| 999 |
_c44070 _d44070 |
||